New world ordered (Record no. 121142)

MARC details
000 -LEADER
fixed length control field 00864nas a22002057a 4500
001 - CONTROL NUMBER
control field K121142
007 - PHYSICAL DESCRIPTION FIXED FIELD--GENERAL INFORMATION
fixed length control field ta
008 - FIXED-LENGTH DATA ELEMENTS--GENERAL INFORMATION
fixed length control field 191021b2019 ||||| |||| 00| 0 eng d
041 ## - LANGUAGE CODE
Language code of text/sound track or separate title eng
100 ## - MAIN ENTRY--PERSONAL NAME
Personal author Kimmel, Joel
245 ## - TITLE STATEMENT
Title New world ordered
260 ## - PUBLICATION INFORMATION
Date 2019
490 ## - SERIES TITLE
Series statement Modus
Volume June 2019, 22-25(4)
520 ## - ABSTRACT
Abstract Three speakers from the World Built Environment Forum Summit share their views on the future. Parag Khanna, founder of Futuremap, looks at what great connectivity will mean for cities. Michael Ferguson, from Energy Infrastructure Practice, looks at what we will need to do to switch to renewable energy. Maureen Ehrenberg, from WeWork, looks at what tomorrow's workplace will look like.
650 ## - KEYWORDS
Keywords WORLD BUILD ENVIRONMENT FORUM SUMMIT
650 ## - KEYWORDS
Keywords CITIES
650 ## - KEYWORDS
Keywords PROPTECH
650 ## - KEYWORDS
Keywords RENEWABLE ENERGY
651 ## - SUBJECT ADDED ENTRY--GEOGRAPHIC NAME
Geographic name United Kingdom
Holdings
Withdrawn status Lost status Source of classification or shelving scheme Damaged status Not for loan Home library Current library Shelving location Date acquired Total Checkouts Date last seen Price effective from Koha item type
    Dewey Decimal Classification     London London Gallery 21/10/2019   21/10/2019 21/10/2019 Journal article